General Geography Knowledge #2 - Statistics

General Stats
  • This quiz has been taken 41 times
  • The average score is 4 of 5
Answer Stats
Question Answer % Correct
Smallest Country in The World is? Vatican City (Holy See)
100%
The biggest Ocean in The world is? Pacific Ocean
92%
The largest Religion in The World is? Christianity
69%
What is the largest Desert in The World? Antarctic Desert
67%
What is the deepest point in The world? Challenger Deep
59%
No matching quizzes found
Score Distribution
Percent of People with Each Score
Percentile by Number Answered
Your Score History
You have not taken this quiz